000 00182 a2200097 4500
020 _a9788432207358
041 _aspa
100 _aSusanna Tamaro
245 _aAnima Mundi
942 _cK
999 _c26864
_d26864